ბათუმის შოთა რუსთაველის სახელმწიფო უნივერსიტეტის ბიბლიოთეკა

სანოტარო სამართალი (ბიბ.ჩანაწერი № 49360)

000 -LEADER
fixed length control field 00788nam a2200217Ia 4500
001 - CONTROL NUMBER
control field 16277
003 - CONTROL NUMBER IDENTIFIER
control field GE_BSU
008 - FIXED-LENGTH DATA ELEMENTS--GENERAL INFORMATION
fixed length control field 181216s||||||||xx |||||||||||||| ||und||
040 ## - CATALOGING SOURCE
Transcribing agency GE_BSU
080 ## - UNIVERSAL DECIMAL CLASSIFICATION NUMBER
Universal Decimal Classification number 347.961(479.22)
245 ## - TITLE STATEMENT
Title სანოტარო სამართალი
245 ## - TITLE STATEMENT
Remainder of title ნორმატიული აქტების კრებული : ცვლილებებითა და დამატებებით 2010 წლის 1 ნოემბრამდე.
260 ## - PUBLICATION, DISTRIBUTION, ETC.
Place of publication, distribution, etc. თბილისი.
260 ## - PUBLICATION, DISTRIBUTION, ETC.
Name of publisher, distributor, etc. ბონა კაუზა
260 ## - PUBLICATION, DISTRIBUTION, ETC.
Date of publication, distribution, etc. 2010
300 ## - PHYSICAL DESCRIPTION
Extent 228გვ;20სმ.
653 ## - INDEX TERM--UNCONTROLLED
Uncontrolled term სამართალი
653 ## - INDEX TERM--UNCONTROLLED
Uncontrolled term სანოტარო სამართალი
942 ## - ADDED ENTRY ELEMENTS (KOHA)
Koha item type წიგნი
ეგზემპლარები
Withdrawn status Lost status Damaged status Not for loan Date acquired Barcode Date last seen Price effective from Koha item type
        2018-12-17 40681 2018-12-17 2018-12-17 წიგნი
        2018-12-17 40682 2018-12-17 2018-12-17 წიგნი